Which City in South Asia? - Statistics

General Stats
  • This quiz has been taken 2,105 times
  • The average score is 17 of 24
Answer Stats
Description Answer % Correct
Home of Bollywood, formerly Bombay M Mumbai
99%
Largest city on the subcontinent D Delhi
97%
Cultural Capital of India, capital of the British Raj until 1911 K Kolkata
91%
Largest Bengali-speaking city D Dhaka
90%
Coastal city in Sri Lanka C Colombo
88%
City in Himalayan foothills K Kathmandu
85%
Largest city in South India, Silicon Valley of India B Bengaluru
81%
Capital of the Sikh Empire and the Punjab region L Lahore
81%
Home of the Taj Mahal A Agra
80%
City in both India and Pakistan H Hyderabad
80%
Sindhi port city K Karachi
80%
Tamil city on the Bay of Bengal C Chennai
79%
Highest capital city in Asia T Thimphu
77%
Planned capital city between Punjab and Khyber Pakhtunkhwa I Islamabad
75%
Pink city of India, part of the Golden Triangle J Jaipur
69%
Densely populated city on an atoll M Male
62%
City on Sabarmati river, home to the world's largest cricket stadium A Ahmedabad
60%
City home to one of the world's oldest ports on Bay of Bengal C Chittagong
55%
City on the Deccan Plateau, seat of the Maratha Peshwas P Pune
55%
Twin city of the above R Rawalpindi
47%
Coastal Gujarati city known for diamonds S Surat
44%
Capital of the ancient Kushan empire in Khyber Pakhtunkhwa P Peshawar
38%
Historic city formerly known as Pataliputra P Patna
33%
City on Ganges river that was important during the 1857 uprising K Kanpur
26%
No matching quizzes found
Score Distribution
Percent of People with Each Score
Percentile by Number Answered
Your Score History
You have not taken this quiz